logo

Bir Sreshtho Munshi Abdur Rouf Library
Jhenaidah Cadet College

অতিপ্রাকৃতের সন্ধানে / (Record no. 12413)

MARC details
000 -LEADER
fixed length control field 00935nam a2200253 a 4500
001 - CONTROL NUMBER
JCCL Control Number 12413
003 - CONTROL NUMBER IDENTIFIER
JCCL marc code BD-JhCC
005 - DATE AND TIME OF LATEST TRANSACTION
control field 20250727115524.0
008 - FIXED-LENGTH DATA ELEMENTS--GENERAL INFORMATION
fixed length control field 220213b2020 bg a|||| ||a| 000 0 ben d
020 ## - INTERNATIONAL STANDARD BOOK NUMBER
International Standard Book Number 9789844360679
035 ## - SYSTEM CONTROL NUMBER
system control number (BD-JhCC)12413
040 ## - CATALOGING SOURCE
Original cataloging agency BD-JhCC
Modifying agency BD-JhCC
041 ## - LANGUAGE CODE
Language code of Book Bengali
082 ## - DEWEY DECIMAL CLASSIFICATION NUMBER
Classification number 130
Author mark and Year MAH 2020
100 ## - MAIN ENTRY--PERSONAL NAME
Personal name মাহমুদ, আব্দুল্লাহ ইবনে
245 ## - TITLE STATEMENT
Title অতিপ্রাকৃতের সন্ধানে /
Statement of responsibility, etc আব্দুল্লাহ ইবনে মাহমুদ, সম্পা: মুহাইমিনুল ইসলাম অন্তিক।
260 ## - PUBLICATION, DISTRIBUTION, ETC. (IMPRINT)
Place of publication, distribution, etc ঢাকা :
Name of publisher, distributor, etc ছায়াবীথি;
Date of publication, distribution, etc ২০২০.
300 ## - PHYSICAL DESCRIPTION
Pagination 272 p. :
Other physical details ill;
Dimensions 22 cm.
650 ## - SUBJECT ADDED ENTRY--TOPICAL TERM
Topical term or geographic name as entry element Parapsychology
650 ## - SUBJECT ADDED ENTRY--TOPICAL TERM
Topical term or geographic name as entry element Supernatural
700 ## - ADDED ENTRY--PERSONAL NAME
Personal name অন্তিক,মুহাইমিনুল ইসলাম
942 ## - ADDED ENTRY ELEMENTS (KOHA)
Source of classification or shelving scheme Dewey Decimal Classification
Koha item type Books
Koha issues (borrowed), all copies 6
Holdings
Source of classification or shelving scheme Damaged status Not for loan Home library Current library Shelving location Date of accession Cost, normal purchase price Total Checkouts Full call number Barcode Checked out Date last seen Date checked out Copy number Koha item type Collection code Method of acquisition Currency
Dewey Decimal Classification     JCC Rouf Library JCC Rouf Library General Stacks 06/08/2021 425.00 19 130 MAH 2020 16811 03/05/2026 02/08/2026 02/08/2026 C-1 Books      
Dewey Decimal Classification     JCC Rouf Library JCC Rouf Library General Stacks 02/15/2026 575.00   130 MAH 2020 20295   02/15/2026   C-2 Books Non-fiction Purchase BDT
Dewey Decimal Classification     JCC Rouf Library JCC Rouf Library General Stacks 02/15/2026 575.00   130 MAH 2020 20296   02/15/2026   C-3 Books Non-fiction Purchase BDT

JCC Library | Contacts | JCC Home

Last Update on 23 September 2017
Copyright @ 2017-2020 JCC Rouf Library
Rouf Library, Jhenidah Cadet College (JCC), Bangladesh